[Event "Dutch op"]
[Site "Velp"]
[Date "2024.07.23"]
[Round "1"]
[White "Zecha, Oscar"]
[Black "Labruyere, Roger"]
[Result "0-1"]
[WhiteElo "1999"]
[BlackElo "2170"]
[PlyCount "116"]
[EventDate "2024.07.23"]
[EventType "swiss"]
[EventRounds "9"]
[EventCountry "NED"]
[SourceTitle "EXT 2025"]
[Source "ChessBase"]
[SourceDate "2024.10.14"]
[SourceVersion "1"]
[SourceVersionDate "2024.10.14"]
[SourceQuality "1"]

1. e4 c5 2. Nf3 d6 3. d4 cxd4 4. Nxd4 Nf6 5. Nc3 a6 6. f3 e5 7. Nb3 Be6 8. Be3 Be7 9. Qd2 h5 10. 0-0-0 Nbd7 11. Kb1 Qc7 12. Be2 b5 13. Nd5 Bxd5 14. exd5 Nb6 15. Bxb6 Qxb6 16. Na5 Rc8 17. c4 bxc4 18. Nxc4 Qa7 19. Na5 Rc5 20. Rc1 Rxd5 21. Qb4 0-0 22. Nc6 a5 23. Qb3 Qd7 24. Bb5 Bd8 25. a4 Qf5+ 26. Ka1 Rd2 27. Rhd1 Rxd1 28. Rxd1 d5 29. Qe3 Qc2 30. Rc1 Qxg2 31. Qxe5 Qxf3 32. Rg1 Ng4 33. Qxh5 Bf6 34. Ne7+ Bxe7 35. Rxg4 Qe3 36. Qf5 Qe6 37. Qf3 Rc8 38. Rg1 Bf6 39. Rd1 Qe5 40. Qb3 Qxh2 41. Re1 Qf4 42. Ka2 Rd8 43. Rh1 Qe5 44. Bd3 Rb8 45. Bb5 g6 46. Rd1 Rd8 47. Rd2 Kg7 48. Re2 Qg5 49. Be8 Qg4 50. Bb5 Qg1 51. Be8 Qc5 52. Bb5 Rc8 53. Rd2 Qc1 54. Rf2 Qe1 55. Qf3 Qe5 56. Bd7 Rc4 57. Qd3 Rb4 58. Qd2 Qd6 0-1

[Event "Amsterdam Science Park op-A"]
[Site "Amsterdam"]
[Date "2024.07.20"]
[Round "8"]
[White "Labruyere, Roger"]
[Black "Van Roon, Sjoerd"]
[Result "1/2-1/2"]
[WhiteElo "2170"]
[BlackElo "2279"]
[PlyCount "189"]
[EventDate "2024.07.13"]
[EventType "swiss"]
[EventRounds "9"]
[EventCountry "NED"]
[SourceTitle "CBM 221 Extra"]
[Source "ChessBase"]
[SourceDate "2024.09.30"]
[SourceVersion "1"]
[SourceVersionDate "2024.09.30"]
[SourceQuality "1"]

1. e4 c5 2. Nf3 Nc6 3. d4 cxd4 4. Nxd4 Nf6 5. Nc3 e5 6. Ndb5 d6 7. Nd5 Nxd5 8. exd5 Nb8 9. a4 Be7 10. Be3 Nd7 11. Be2 0-0 12. 0-0 b6 13. a5 a6 14. axb6 Nxb6 15. Na3 Bg5 16. Bxg5 Qxg5 17. Nc4 Nxc4 18. Bxc4 f5 19. f4 Qf6 20. fxe5 dxe5 21. d6+ Be6 22. Bd5 Rad8 23. Rxa6 Qf7 24. Bxe6 Qxe6 25. Qd3 e4 26. Qd4 f4 27. Ra7 Qg6 28. Re7 f3 29. g3 Rxd6 30. Qc4+ Kh8 31. Qxe4 Qh5 32. Qe3 h6 33. Qf2 Qa5 34. c3 Qg5 35. Re3 Rdf6 36. Rfe1 Qb5 37. b4 Qc6 38. Rd3 Ra8 39. Red1 Kh7 40. Rf1 Raf8 41. Re1 Qa6 42. Rde3 Qc4 43. Rf1 Kh8 44. Qc2 g5 45. Qe4 Qf7 46. Rf2 Qh5 47. Qe5 Kg8 48. c4 Qf7 49. Qe4 Qd7 50. Rexf3 Rxf3 51. Rxf3 Rxf3 52. Qxf3 Qd4+ 53. Qf2 Qxc4 54. Qb2 g4 55. Kf2 Qe4 56. Qb3+ Kg7 57. b5 Qf5+ 58. Ke1 Qe4+ 59. Kd2 Qg2+ 60. Kc3 Qxh2 61. Kb4 Qf2 62. Qc3+ Kf7 63. Qc4+ Ke8 64. Qxg4 Qe1+ 65. Kc4 Qc1+ 66. Kd5 Qd2+ 67. Kc6 Qg2+ 68. Kc5 Qf2+ 69. Kb4 Qb2+ 70. Ka5 Qa3+ 71. Kb6 Qd6+ 72. Kb7 Qd5+ 73. Ka6 Qa8+ 74. Kb6 Qb8+ 75. Ka5 Qa7+ 76. Kb4 Qe7+ 77. Kc4 Qf7+ 78. Kc3 Qc7+ 79. Kb3 Qf7+ 80. Qc4 Qf3+ 81. Qc3 Qf7+ 82. Kb4 Qe7+ 83. Ka4 Qa7+ 84. Kb3 Qf7+ 85. Kb2 Qf2+ 86. Ka3 Qa7+ 87. Kb4 Qe7+ 88. Qc5 Qe1+ 89. Kc4 Qf1+ 90. Kd5 Qf3+ 91. Ke6 Qf7+ 92. Ke5 Qh5+ 93. Kd6 Qg6+ 94. Kd5 Qxg3 95. Qc8+ 1/2-1/2

[Event "Amsterdam Science Park op-A"]
[Site "Amsterdam"]
[Date "2024.07.16"]
[Round "4"]
[White "Labruyere, Roger"]
[Black "Overeem, Marc"]
[Result "1/2-1/2"]
[WhiteElo "2170"]
[BlackElo "2052"]
[PlyCount "88"]
[EventDate "2024.07.13"]
[EventType "swiss"]
[EventRounds "9"]
[EventCountry "NED"]
[SourceTitle "CBM 221 Extra"]
[Source "ChessBase"]
[SourceDate "2024.09.30"]
[SourceVersion "1"]
[SourceVersionDate "2024.09.30"]
[SourceQuality "1"]

1. e4 e5 2. Nf3 Nc6 3. Bb5 a6 4. Ba4 Nf6 5. 0-0 Be7 6. Re1 b5 7. Bb3 d6 8. c3 0-0 9. h3 Na5 10. Bc2 c5 11. d4 Nd7 12. Nbd2 exd4 13. cxd4 Nc6 14. Nf1 cxd4 15. Nxd4 Nxd4 16. Qxd4 Ne5 17. Ne3 Bxh3 18. f4 Nc6 19. Qc3 Bd7 20. Nd5 Rc8 21. Qd3 g6 22. Bd2 Be6 23. Qe3 Re8 24. Nxe7+ Qxe7 25. Bd3 Qa7 26. Qxa7 Nxa7 27. a4 Bc4 28. Bxc4 Rxc4 29. axb5 Nxb5 30. Rxa6 Rcxe4 31. Rxe4 Rxe4 32. Rb6 Rd4 33. f5 Rxd2 34. f6 h6 35. Rxb5 g5 36. Rb7 Kh7 37. Rxf7+ Kg6 38. Rf8 Rxb2 39. f7 Rb7 40. Rd8 Rxf7 41. Rxd6+ Rf6 42. Rd4 h5 43. g3 Ra6 44. Rd2 Kf5 1/2-1/2

[Event "Amsterdam Science Park op-A"]
[Site "Amsterdam"]
[Date "2024.07.15"]
[Round "3"]
[White "Kohler, Aran"]
[Black "Labruyere, Roger"]
[Result "0-1"]
[WhiteElo "2030"]
[BlackElo "2170"]
[PlyCount "156"]
[EventDate "2024.07.13"]
[EventType "swiss"]
[EventRounds "9"]
[EventCountry "NED"]
[SourceTitle "CBM 221 Extra"]
[Source "ChessBase"]
[SourceDate "2024.09.30"]
[SourceVersion "1"]
[SourceVersionDate "2024.09.30"]
[SourceQuality "1"]

1. Nf3 d5 2. e3 Nf6 3. c4 e6 4. b3 Be7 5. Bb2 a5 6. g4 a4 7. bxa4 Bd7 8. Nc3 Ne4 9. Nb5 Bc6 10. Bxg7 Rg8 11. Be5 Na6 12. h4 dxc4 13. g5 Bb4 14. Rh3 Qd5 15. Qc2 Nxd2 16. 0-0-0 Bxb5 17. axb5 Qxb5 18. a4 Qa5 19. Bxc4 Ba3+ 20. Bb2 Bxb2+ 21. Kxb2 Qb4+ 22. Bb3 Qxb3+ 23. Qxb3 Nxb3 24. Kxb3 Nc5+ 25. Kb4 Nxa4 26. Ne5 Nb6 27. Rf3 Rf8 28. h5 Ra4+ 29. Kb3 Ra5 30. Ng4 Rxg5 31. Nf6+ Ke7 32. Nxh7 Rb5+ 33. Kc2 Ra8 34. Nf6 Ra2+ 35. Kd3 Rb3+ 36. Ke4 Ra4+ 37. Rd4 Rxd4+ 38. Kxd4 Rb4+ 39. Kc5 Rh4 40. e4 Nd7+ 41. Nxd7 Rxh5+ 42. e5 Kxd7 43. Rxf7+ Kd8 44. f4 Rh8 45. f5 exf5 46. Kd5 f4 47. Rxf4 Ke7 48. Rb4 Rd8+ 49. Kc5 Rb8 50. Kd5 c6+ 51. Kc5 Ke6 52. Re4 Rd8 53. Kb6 Rd7 54. Re1 Re7 55. Kc5 Rh7 56. Kb6 Rg7 57. Re2 Re7 58. Kc5 Rf7 59. Kb6 Kd5 60. e6 Re7 61. Re1 Kd6 62. Re2 Kd5 63. Re1 Rxe6 64. Rd1+ Kc4 65. Rc1+ Kb4 66. Rb1+ Kc3 67. Rc1+ Kd2 68. Rb1 Re5 69. Rb3 Kc2 70. Rb4 Rd5 71. Rc4+ Kb3 72. Rc1 Rb5+ 73. Kc7 c5 74. Rb1+ Kc4 75. Rc1+ Kd4 76. Rd1+ Kc3 77. Rc1+ Kb2 78. Rc4 Kb3 0-1

[Event "Hilversum op"]
[Site "Hilversum"]
[Date "2024.06.22"]
[Round "4"]
[White "Labruyere, Roger"]
[Black "De Winter, Arthur"]
[Result "0-1"]
[WhiteElo "2139"]
[BlackElo "2412"]
[PlyCount "58"]
[EventDate "2024.06.21"]
[EventType "swiss"]
[EventRounds "6"]
[EventCountry "NED"]
[SourceTitle "CBM 220 Extra"]
[Source "ChessBase"]
[SourceDate "2024.07.31"]
[SourceVersion "1"]
[SourceVersionDate "2024.07.31"]
[SourceQuality "1"]

1. e4 c5 2. Nf3 d6 3. d4 cxd4 4. Nxd4 Nf6 5. Nc3 a6 6. Be3 e5 7. Nb3 Be6 8. f3 Be7 9. Nd5 Nxd5 10. exd5 Bf5 11. Be2 Nd7 12. 0-0 0-0 13. c3 Bg6 14. a4 Bg5 15. Bf2 e4 16. fxe4 Bxe4 17. Bf3 Bg6 18. Qd4 Ne5 19. Be4 Bf6 20. Qe3 Ng4 21. Qf3 Nxf2 22. Rxf2 Qb6 23. Nd2 Qxb2 24. Rb1 Qxc3 25. Bxg6 fxg6 26. Qxc3 Bxc3 27. Rxf8+ Rxf8 28. Ne4 Be5 29. g3 b6 0-1